000 00367nam a2200145Ia 4500
008 240624s9999 xx 000 0 und d
041 _aeng
082 _a658 BEA
100 _aBEARDEN WILLIAM O
245 _aHANDBOOK OF MARKETING SCALES MULTI ITEM
250 _a(3rd ed.)
260 _c2010
_aLos Angeles
_bSage Publications
300 _a624 : p.
365 _c
_b30
999 _c16606
_d16606